000 01138nam a2200277Ia 4500
003 OSt
005 20220918110758.0
006 a|||||r|||| 00| 0
007 ta
008 220915b |||||||| |||| 00| 0 hin d
020 _a9789326351447 (hbk)
_c1100
024 _a13,096
037 _b254, 24/10/2013, Swaraj Prakashan
_cReference Collections
040 _aARTS
_cARTS
_bhin
041 _2hin
_ahin
082 _aO44wN9, 152N1;Q3[RR]
100 _aकालिया, रवीन्द्र, संपा.
245 0 _aज्ञानपीठ पुरस्कार
_b 1965 -2010
246 _aJnyānapīṭh puraskāra: 1965 -2010
260 _aदिल्ली
_bभारतीय ज्ञानपीठ भारत
_c2013
300 _a871पृ0
490 _aलोकोदय ग्रन्थमाला; ग्रन्थांक 507
650 _aहिन्दी साहित्य
942 _hO44wN9, 152N1;Q3[RR]
_cREF
999 _c114670
_d114670